| 000 | 01045nam a2200217Ia 4500 | ||
|---|---|---|---|
| 003 | Ost | ||
| 005 | 20260507075737.0 | ||
| 008 | 260507s9999||||xx |||||||||||||| ||und|| | ||
| 040 | _cfsecg | ||
| 041 | _aara | ||
| 082 | _a658.3 | ||
| 100 |
_aأبو بكر، مصطفي محمود _eمؤلف |
||
| 245 | 0 |
_aإدارة الموارد البشرية : _bمدخل تحقيق الميزة التنافسية / _c مصطفي محمود أبو بكر |
|
| 260 |
_aالاسكندرية: _bالدار الجامعية, _c2004 |
||
| 300 |
_a539 صفحة؛ _bإيضاحات ؛ _c24 سم |
||
| 504 | _aببليوغرافيا: ص.535 | ||
| 520 | _aإدارة الموارد البشرية-المحددات الرئيسية لفعالية إدارة الموارد البشرية-المسار الوظيفي وفعالية إدارة الموارد البشرية-التطور التكنولوجي وتطوير أنظمة الموارد البشرية | ||
| 653 | _aادارة الافراد | ||
| 653 | _aالقوى العاملة | ||
| 942 | _cكتاب | ||
| 999 |
_c46097 _d46097 |
||